[Event "RUS-chT Higher League 2021"]
[Site "Sochi"]
[Date "2021.05.10"]
[Round "9.10"]
[White "Pridorozhni, Aleksei"]
[Black "Yudin, Sergei"]
[Result "1-0"]
[WhiteElo "2555"]
[BlackElo "2484"]
[Annotator "ChessBase"]
[PlyCount "65"]
[EventDate "2021.05.01"]
[EventType "team-tourn"]
[EventCountry "RUS"]
[SourceTitle "playchess.com"]
[Source "ChessBase"]
[SourceQuality "1"]
[TimeControl "40/5400+30:1800+30"]

1. e4 {[%emt 0:00:00]} d6 {[%emt 0:00:00]} 2. d4 {[%emt 0:00:00]} Nf6 {[%emt 0:00:00]} 3. f3 {[%emt 0:00:00]} e5 {[%emt 0:00:00]} 4. d5 {[%emt 0:00:01]} Be7 {[%emt 0:00:00]} 5. Be3 {[%emt 0:00:09]} Nh5 {[%emt 0:00:00]} 6. Qd2 {[%emt 0:00:10]} h6 {[%emt 0:00:00]} 7. Ne2 {[%emt 0:00:12]} Bg5 {[%emt 0:00:01]} 8. g3 {[%emt 0:00:15]} Bxe3 {[%emt 0:00:12]} 9. Qxe3 {[%emt 0:00:06]} Qg5 {[%emt 0:00:03]} 10. Qf2 {[%emt 0:01:26]} O-O {[%emt 0:00:10]} 11. h4 {[%emt 0:00:23]} Qe7 {[%emt 0:00:05]} 12. g4 {[%emt 0:01:02]} Nf4 {[%emt 0:00:05]} 13. Nxf4 {[%emt 0:00:38]} exf4 {[%emt 0:00:05]} 14. Nc3 {[%emt 0:00:14]} Qe5 {[%emt 0:01:24]} 15. O-O-O {[%emt 0:00:30]} Nd7 {[%emt 0:00:05]} 16. Qh2 {[%emt 0:11:15]} Nc5 {[%emt 0:00:44]} 17. h5 {[%emt 0:09:07]} b5 {[%emt 0:00:50]} 18. Bxb5 {[%emt 0:01:41]} Rb8 {[%emt 0:00:05]} 19. Qd2 {[%emt 0:01:34]} Bd7 {[%emt 0:00:40]} 20. Bxd7 {[%emt 0:00:54]} Nxd7 {[%emt 0:00:04]} 21. Qd4 {[%emt 0:03:26]} Qxd4 {[%emt 0:00:06]} 22. Rxd4 {[%emt 0:00:05]} Ne5 {[%emt 0:00:03]} 23. Rf1 {[%emt 0:00:12]} g6 {[%emt 0:00:04]} 24. Ne2 {[%emt 0:02:03]} f5 {[%emt 0:00:05]} 25. exf5 {[%emt 0:00:46]} gxf5 {[%emt 0:00:04]} 26. Rxf4 {[%emt 0:00:54]} fxg4 {[%emt 0:00:06]} 27. fxg4 {[%emt 0:00:04]} Rxf4 {[%emt 0:00:03]} 28. Rxf4 {[%emt 0:00:08]} Rf8 {[%emt 0:00:04]} 29. Ra4 {[%emt 0:01:16]} Rf2 {[%emt 0:00:10]} 30. Ng3 {[%emt 0:02:16]} a5 {[%emt 0:00:47]} 31. b3 {[%emt 0:00:23]} Kh7 {[%emt 0:00:24]} 32. Rxa5 {[%emt 0:00:27]} Nxg4 {[%emt 0:00:13]} 33. Ra7 {[%emt 0:00:15]} 1-0

[Event "RUS-chT Higher League 2021"]
[Site "Sochi"]
[Date "2021.05.10"]
[Round "9.11"]
[White "Pogromsky, Mikhail"]
[Black "Ulybin, Mikhail"]
[Result "0-1"]
[WhiteElo "2422"]
[BlackElo "2462"]
[Annotator "ChessBase"]
[PlyCount "70"]
[EventDate "2021.05.01"]
[EventType "team-tourn"]
[EventCountry "RUS"]
[SourceTitle "playchess.com"]
[Source "ChessBase"]
[SourceQuality "1"]
[TimeControl "40/5400+30:1800+30"]

1. c4 {[%emt 0:00:00]} c5 {[%emt 0:01:06]} 2. Nc3 {[%emt 0:00:56]} Nf6 {[%emt 0:02:27]} 3. Nf3 {[%emt 0:03:02]} e6 {[%emt 0:01:30]} 4. g3 {[%emt 0:00:43]} b6 {[%emt 0:01:23]} 5. Bg2 {[%emt 0:00:16]} Bb7 {[%emt 0:00:54]} 6. O-O {[%emt 0:00:15]} Be7 {[%emt 0:01:39]} 7. Re1 {[%emt 0:02:49]} d5 {[%emt 0:04:18]} 8. cxd5 {[%emt 0:00:16]} exd5 {[%emt 0:02:05]} 9. d4 {[%emt 0:01:29]} O-O {[%emt 0:01:09]} 10. b3 {[%emt 0:01:53]} Ne4 {[%emt 0:20:34]} 11. Bb2 {[%emt 0:05:32]} Bf6 {[%emt 0:05:35]} 12. Nxe4 {[%emt 0:07:46]} dxe4 {[%emt 0:00:28]} 13. Nd2 {[%emt 0:00:12]} Qe7 {[%emt 0:19:38]} 14. e3 {[%emt 0:02:18]} Na6 {[%emt 0:01:40]} 15. a3 {[%emt 0:12:48]} Rfe8 {[%emt 0:11:18]} 16. Qe2 {[%emt 0:08:02]} Rad8 {[%emt 0:05:26]} 17. Nxe4 {[%emt 0:24:15]} Bxe4 {[%emt 0:00:55]} 18. Bxe4 {[%emt 0:01:20]} Qxe4 {[%emt 0:00:39]} 19. Qxa6 {[%emt 0:00:07]} h5 {[%emt 0:14:55]} 20. Qe2 {[%emt 0:07:49]} cxd4 {[%emt 0:01:17]} 21. Qxh5 {[%emt 0:01:48]} Rd5 {[%emt 0:00:50]} 22. Qh3 {[%emt 0:02:30]} Rf5 {[%emt 0:00:37]} 23. Qg2 {[%emt 0:04:22]} dxe3 {[%emt 0:00:30]} 24. f3 {[%emt 0:05:08]} Rxf3 {[%emt 0:00:21]} 25. Bxf6 {[%emt 0:00:11]} gxf6 {[%emt 0:00:36]} 26. Re2 {[%emt 0:04:15]} Re5 {[%emt 0:00:29]} 27. Rd1 {[%emt 0:01:04]} Kg7 {[%emt 0:00:35]} 28. Rf1 {[%emt 0:02:05]} Ref5 {[%emt 0:00:27]} 29. Rxf3 {[%emt 0:00:26]} Rxf3 {[%emt 0:00:12]} 30. Re1 {[%emt 0:00:25]} f5 {[%emt 0:00:40]} 31. Qb2+ {[%emt 0:00:29]} f6 {[%emt 0:00:27]} 32. Qg2 {[%emt 0:00:13]} a5 {[%emt 0:00:43]} 33. a4 {[%emt 0:00:19]} Kg6 {[%emt 0:00:30]} 34. h3 {[%emt 0:00:56]} Kf7 {[%emt 0:00:28]} 35. Re2 {[%emt 0:00:56]} f4 {[%emt 0:00:27]} 0-1

[Event "RUS-chT Higher League 2021"]
[Site "Sochi"]
[Date "2021.05.10"]
[Round "9.12"]
[White "Pingin, Artem"]
[Black "Matveev, Vladimir"]
[Result "1/2-1/2"]
[WhiteElo "2347"]
[BlackElo "2368"]
[Annotator "NA"]
[PlyCount "75"]
[EventDate "2021.05.01"]
[EventType "team-tourn"]
[EventCountry "RUS"]
[SourceTitle "playchess.com"]
[Source "ChessBase"]
[SourceQuality "1"]
[TimeControl "40/5400+30:1800+30"]

1. e4 {[%emt 0:00:00]} c5 {[%emt 0:00:00]} 2. Nf3 {[%emt 0:00:00]} d6 {[%emt 0:00:00]} 3. d4 {[%emt 0:00:00]} cxd4 {[%emt 0:00:00]} 4. Qxd4 {[%emt 0:00:00]} e5 {[%emt 0:00:13]} 5. Bb5+ {[%emt 0:04:04]} Nd7 {[%emt 0:00:06]} 6. Qd3 {[%emt 0:00:49]} a6 {[%emt 0:00:04]} 7. Bc4 {[%emt 0:00:41]} Nc5 {[%emt 0:03:54]} 8. Qe2 {[%emt 0:00:18]} h6 {[%emt 0:00:10]} 9. a4 {[%emt 0:08:59]} Nf6 {[%emt 0:00:45]} 10. Nc3 {[%emt 0:00:05]} Be6 {[%emt 0:12:38]} 11. Bxe6 {[%emt 0:06:08]} fxe6 {[%emt 0:01:34]} 12. O-O {[%emt 0:19:35]} Be7 {[%emt 0:03:38]} 13. Be3 {[%emt 0:04:18]} Rc8 {[%emt 0:09:19]} 14. Rfd1 {[%emt 0:05:29]} Ncd7 {[%emt 0:02:15]} 15. Nh4 {[%emt 0:02:50]} Nf8 {[%emt 0:03:08]} 16. f4 {[%emt 0:08:02]} exf4 {[%emt 0:03:42]} 17. Bxf4 {[%emt 0:00:05]} Qb6+ {[%emt 0:04:05]} 18. Kh1 {[%emt 0:00:44]} Qxb2 {[%emt 0:13:56]} 19. e5 {[%emt 0:12:13]} dxe5 {[%emt 0:11:56]} 20. Bxe5 {[%emt 0:00:17]} Rxc3 {[%emt 0:00:05]} 21. Qe1 {[%emt 0:10:48]} Nd5 {[%emt 0:07:00]} 22. Nf5 {[%emt 0:00:18]} Bf6 {[%emt 0:18:44]} 23. Rxd5 {[%emt 0:00:39]} Bxe5 {[%emt 0:00:27]} 24. Rxe5 {[%emt 0:00:09]} Rc6 {[%emt 0:02:33]} 25. Nxg7+ {[%emt 0:00:37]} Kd7 {[%emt 0:01:13]} 26. Rb1 {[%emt 0:04:50]} Qc3 {[%emt 0:00:34]} 27. Qe4 {[%emt 0:06:14]} Kc8 {[%emt 0:00:49]} 28. Nxe6 Nd7 {[%emt 0:00:25]} 29. Rf5 {[%emt 0:02:58]} Re8 {[%emt 0:00:33]} 30. Rf3 {[%emt 0:00:41]} Qxc2 31. Qxc2 {[%emt 0:01:01]} Rxc2 {[%emt 0:00:45]} 32. Nd4 {[%emt 0:00:54]} Rc4 {[%emt 0:00:10]} 33. Nf5 {[%emt 0:00:05]} Re6 {[%emt 0:00:08]} 34. a5 {[%emt 0:01:18]} Rc5 {[%emt 0:00:16]} 35. Nd4 {[%emt 0:01:14]} Rf6 {[%emt 0:00:24]} 36. Nb3 {[%emt 0:00:55]} Rcf5 {[%emt 0:00:59]} 37. Rc3+ {[%emt 0:00:31]} Kd8 {[%emt 0:00:08]} 38. h3 {[%emt 0:00:27]} 1/2-1/2